Eu descubro as profissões (Registo nº 4272)

Detalhes MARC
000 -Etiqueta do registo
Cabeçalho 01052cam a2200337 4500
005 - Identificador da versão
Campo de controlo 20240813122057.0
095 ## -
-- PTBN00879602
010 ## - Número internacional normalizado dos livros (ISBN)
Número (ISBN) 972071431X
Número (ISBN) 972-0-71432-8
Número (ISBN) 972-0-71436-0
021 ## - Número do Depósito Legal
Código do país PT
Número 102411/96
Código do país PT
Número 102064/96
Código do país PT
Número 102063/96
100 ## - Dados gerais de processamento
Dados gerais de processamento 19970325g19969999bc y0pory5003 ba
102 ## - Pais de publicação ou produção
País de publicação Portugal
101 1# - Língua de publicação
Língua do texto, banda sonora, etc. Português
Língua do documento no original Francês
106 ## - Campo de dados codificados: material textual
Dados codificados do material textual r
105 ## - Campo de dados codificados: livros
Dados codificados dos livros a z 000ay
215 ## - Descrição física 
Indicação específica da natureza do documento e extensão da espécie v.
Outras indicações físicas muito il.
Dimensões 27 cm
200 1# - Titulo e menção de responsabilidade
Título próprio Eu descubro as profissões
Primeira menção de responsabilidade Sylvie Rainaud
205 ## - Menção da edição
Menção da edição [1ª ed.]
210 ## - Publicação, Distribuição, etc. 
Lugar da edição, distribuição, etc. Porto
Nome do editor, distribuidor, etc. Porto Editora
Data da publicação, distribuição, etc. 1996-
327 0# - Nota de conteúdo 
Texto da nota 1º v.: Luís o médico. - [16] p.
-- 2º v.: Sebastião o cozinheiro. - [16] p.
-- 3ºv: Vicente o padeiro. [16] p.
-- 4º v: Alice a professora. [16] p.
-- 5º v: Tiago o veterinário. [16] p.
-- 6º v.: Tomás o agricultor. - [16] p.
304 ## - Notas relativas a título e menção de responsabilidade 
Texto da nota Tít. orig.: Jolis métiers
675 ## - Classificação Decimal Universal (CDU)
Notação 087.5
Edição BN
Língua da edição por
700 #1 - Nome de autor-pessoa física (responsabilidade principal)
Número de registo de entrada de autoridade 0000092
Palavra de ordem Rainaud
Outra parte do nome não tomada para palavra de ordem Sylvie
942 ## - Elementos de entrada adicionados (Koha)
Tipo de item no Koha Livro
Exemplares
Situação do levantamento Origin of item (home branch) (coded) Biblioteca de empréstimo Código de barras Cota Circulation type (not for loan) Tipo de documento Nota do exemplar Damaged status
  Biblioteca Escolar das Vendas Biblioteca Escolar das Vendas BEV1493 3PRO RAI   Livro Sem mensagem  
  Biblioteca Escolar das Vendas Biblioteca Escolar das Vendas BEV1185 3PRO RAI   Livro Sem mensagem  
  Biblioteca Escolar das Vendas Biblioteca Escolar das Vendas BEV1492 3PRO RAI   Livro Sem mensagem  
  Biblioteca Escolar das Vendas Biblioteca Escolar das Vendas BEV1491 3PRO RAI   Livro Sem mensagem  
  Biblioteca Escolar das Vendas Biblioteca Escolar das Vendas BEV582 3PRO RAI   Livro Sem mensagem  
  Biblioteca Escolar das Vendas Biblioteca Escolar das Vendas BEV1186 3PRO RAI   Livro Sem mensagem  
  Biblioteca Escolar das Vendas Biblioteca Escolar das Vendas BEV1490 3PRO RAI   Livro Sem mensagem